Countries That No Longer Exist By Flag - Statistics

General Stats
  • This quiz has been taken 144 times
  • The average score is 9 of 22
Answer Stats
Picture Answer % Correct
Soviet Union
98%
Czechoslovakia
74%
Yugoslavia
72%
Ottoman Empire
70%
Austrian Empire
67%
Austria-Hungary
65%
Roman Republic/Empire
63%
German Empire
61%
Confederate States of America
55%
South Vietnam
50%
Prussia
49%
Byzantine Empire
30%
Orange Free State
29%
Qing Dynasty
27%
Danzig
25%
Tannu Tuva
17%
Union of Norway-Sweden
17%
Burgundy
14%
Savoy
12%
Two Sicilies
11%
Gran Columbia
10%
Sokoto
8%
No matching quizzes found
Score Distribution
Percent of People with Each Score
Percentile by Number Answered
Your Score History
You have not taken this quiz